Analysis of agricultural credit with special reference to small farmers in West Bengal (Record no. 10627)

MARC details
000 -LEADER
fixed length control field 00431nam a2200145Ia 4500
082 ## - DEWEY DECIMAL CLASSIFICATION NUMBER
Classification number TB.0119
100 ## - MAIN ENTRY--AUTHOR NAME
Personal name Bandyopadhyay, A.K.
245 #0 - TITLE STATEMENT
Title Analysis of agricultural credit with special reference to small farmers in West Bengal
260 ## - PUBLICATION, DISTRIBUTION, ETC. (IMPRINT)
Year of publication 1981
Name of publisher University of Delhi
300 ## - PHYSICAL DESCRIPTION
Number of Pages 201
650 ## - SUBJECT ADDED ENTRY--TOPICAL TERM
Topical Term Agricultural credit
Geographic subdivision WestBengal
650 ## - SUBJECT ADDED ENTRY--TOPICAL TERM
Topical Term Small Farmers
Geographic subdivision WestBengal
710 ## - ADDED ENTRY--CORPORATE NAME
Corporate name or jurisdiction name as entry element Hanumantha Rao, C.H.
942 ## - ADDED ENTRY ELEMENTS (KOHA)
Koha item type Thesis
Source of classification or shelving scheme Dewey Decimal Classification
Holdings
Withdrawn status Lost status Damaged status Not for loan Home library Current library Date acquired Bill Date Full call number Accession Number Price effective from Koha item type
        NASSDOC Library NASSDOC Library 08/10/2004 2004-10-22 TB.0119 15496 18/04/2019 Thesis